Anime - Statistics

General Stats
  • This quiz has been taken 175 times
  • The average score is 9 of 16
Answer Stats
Picture Answer % Correct
Pokemon
98%
One piece
95%
Boku no hero/ My hero academia
90%
One punch man
88%
Naruto
82%
Sailor moon
81%
Tokyo Ghoul
78%
Dragon ball z
59%
Food wars
58%
Attack on titan
43%
Death note
38%
Fairy tail
28%
Spirited away
22%
Assasination classroom
21%
Fruit basket
7%
Beyblades
5%
No matching quizzes found
Score Distribution
Percent of People with Each Score
Percentile by Number Answered
Your Score History
You have not taken this quiz